000
00236nam a22000857a 4500
008
160718b xxu||||| |||| 00| 0 eng d
100
_9
2979
_a
Twain, M
245
_a
The Adventures of Tom Sawyer
260
_a
New Delhi
_b
Orient Publication
_c
2001
999
_c
2542
_d
2542